00957 a2200181 45000010006000000050017000060080041000230030015000640400040000790800048001192450024001672500012001912640033002033000019002365050488002550410008007431000024007512957020260407155605.0260407a1974 arg spa dAR-UNSa-BCEJYS aAR-UNSa-BCEJYSbspacAR-UNSa-BCEJYS a347.44xContratos en general. Obligaciones 10aManual de contratos a7a. ed. 1aBuenos Aires :bPerrotc1974 a966 p.c23 cm. a1. Nociones Generales - 2. El consentimiento en los contratos - 3. Elementos de los contratos - 4. Efecto de los contratos - 5. Resolución y extinción de los contratos - 6. Compraventa y permuta - 7. Cesión de derechos - 8. Locación de cosas - 9. Contrato de trabajo - 10. Locación de obra - 11. Sociedad - 12. Donación - 13. Mandato - 14. Gestión de negocios ajenos sin mandato - 15. Fianza - 16. Contratos aleatorios - 17. Depósito - 18. Préstamos - 19. Eviccón aspa1 aBorda, Guillermo A.